00283nam a2200109Ia 4500008004100000082001700041100002300058245003000081260004000111300001100151440001100162230801s9999||||xx |||||||||||||| ||und|| a204.4bT3741 aThe Times of India 4aThe best of Speaking tree aNew Delhi bTimes Group Booksc2004 a159 p. vVol. 2